Catalog

Record Details

Catalog Search



Available copies

  • 2 of 2 copies available at LARL/NWRL Consortium.
  • 1 of 1 copy available at Lake Agassiz Regional Library. (Show preferred library)

Current holds

0 current holds with 2 total copies.

Show Only Available Copies
Location Call Number / Copy Notes Barcode Shelving Location Status Due Date
Moorhead Public Library Tur (Text) 33500008019564 Main Available -
Red Lake Falls Public Library TUR (Text) 35500004261077 Main Available -

Record details

  • ISBN: 0374117349 :
  • Physical Description: 515 p. ; 24 cm.
  • Publisher: New York : Farrar Straus Giroux, c1990.
LDR 01213cam a2200301 4500
0016016
003LARL_NWRL_CONSORTIUM
00519900716182256.0
008900302s1990 nyu 000 1 eng
010 . ‡a90-033593
020 . ‡a0374117349 : ‡c$22.95
035 . ‡a(OCoLC)21302078
040 . ‡aDLC ‡cDLC ‡dKRL
08200. ‡a813/.54 ‡220
092 . ‡aFICTION
099 . ‡aTur
1001 . ‡aTurow, Scott. ‡0(LARL_NWRL_CONSORTIUM)7468
24514. ‡aThe burden of proof ‡n#2 / ‡cScott Turow.
260 . ‡aNew York : ‡bFarrar Straus Giroux, ‡cc1990.
300 . ‡a515 p. ; ‡c24 cm.
4900 . ‡aKindle County; ‡v2
901 . ‡a6016 ‡bOCLC ‡c6016 ‡tbiblio

Additional Resources